Statistiken für Transkontinentale Staaten

Klicken Sie hier um das Quiz zu spielen!

Allgemein

  • Dieses Quiz wurde 39 mal gespielt
  • Das Durchschnittsergebnis liegt bei 21 aus 27

Antwortstatistiken

IDKontinentLandBeschreibung% Korrekt
ruEuropa, Asien, Nordamerika ?RusslandDiese Antwort ist wohl offensichtlich: die Grenze zwischen Europa und Asien verläuft mitten durch Russland: sie beginnt im Schwarzen Meer, folgt dann der Wasserscheide des Großen Kaukasus, dem Kaspische Meer, dem Ural-Fluss und der Ural-Gebirgskette, bevor sie in die nordpolare Karasee mündet.
Abhängig von der jeweiligen Definierung kontinentaler Grenzen können der russische Teil der Alëuten sowie die Ratmanow-Insel als Teil Nordamerikas angesehen werden.
100%
trAsien, EuropaTürkeiDie türkische Region Ost-Thrakien (westlich von Istanbul) liegt auf dem Balkan.
100%
esEuropa, AfrikaSpanienSpanien besitzt mehrere Territorien in Afrika - darunter eine Autonome Gemeinschaft (Kanaren), eine Provinz (Almería dank der Isla de Alborán) und zwei autonome Städte (Ceuta und Melilla) - somit leben ungefähr 5% der spanischen Bevölkerung auf dem afrikanischen Kontinent. Darüber hinaus sind die "plazas de soberanía" an der marokkanischen Küste unter einem anderen Status zu verzeichnen, ähnlich gemeindefreien Gebieten.
91%
usNordamerika, Ozeanien, Asien ?Vereinigte StaatenDer US-Bundesstaat Hawaii ist unstrittig ein Teil Ozeaniens. Das gleiche gilt für das Palmyra-Atoll, welches im Gegensatz zu anderen - gemeindefreien ("unincorporated") - Besitzungen der USA im Pazifik (die alle als abhängige Gebiete gelten) ein "incorporated territory" und damit ein integraler Bestandteil der Vereinigten Staaten ist.
Je nach Definition der Kontinentalgrenzen können der westliche Teil der Alëuten, Little Diomede Island und andere Inseln des Beringmeers, wie die Sankt-Lorenz-Insel, Asien zugeschrieben werden, was Alaska zu einem transkontinentalen Bundesstaat machen würde.
89%
frEuropa, Afrika, Nordamerika, SüdamerikaFrankreich Die französischen Übersee-Regionen Französisch-Guayana (Südamerika), Guadeloupe, Martinique (beide Nordamerika), Mayotte, und Réunion (beide Afrika) haben den gleichen Status wie die Regionen des metropolitanen (=europäischen Teils) Frankreichs. Dies gilt nicht für andere Überseegebiete wie Französisch-Polynesien, Saint Pierre & Miquelon oder Neukaledonien.
86%
idAsien, OzeanienIndonesienWährend die genaue Grenzziehung zwischen Asien und Ozeanien im Malaiischen Archipel strittig ist, zählen alle Varianten die gesamte Insel Neuguinea (mit ihrer zu Indonesien gehörenden westlichen Hälfte) zur ozeanischen Region Melanesien. Manche gehen noch weiter und beanspruchen sogar Sulawesi und Lombok für Ozeanien.
86%
itEuropa, AfrikaItalien Zu Italien gehören mehrere kleine Inseln südlich von Sizilien, welche aufgrund ihrer Nähe zu Tunesien geographisch als Teil des afrikanischen Kontinents angesehen werden können: Während Pantelleria und Linosa meistens noch als Teil Europas gewertet werden, werden Lampedusa und Lampione Afrika zugeschrieben.
86%
ptEuropa, Afrika, Nordamerika ?PortugalDas portugiesische Archipel von Madeira wird geographisch mit Afrika (jedoch kulturell mit Europa) in Verbindung gebracht. Außerdem sind aus geologischer Sicht die meisten Hauptinseln der auf der sog. "Azores-Triple-Junction" (Azoren-Tripelpunkt) gelegenen Inselgruppe der Azoren über die Grenze der Afrikanischen und Eurasischen Platte verstreut, nur Corvo und Flores sind auf der Nordamerikanischen Platte positioniert.
86%
egAfrika, AsienÄgyptenNach heutiger Übereinkunft verläuft die Landgrenze zwischen Asien und Afrika entlang der Landenge (Isthmus) von Suez und somit auch dem Suezkanal in Ägypten, womit die Halbinsel Sinai zu Asien gehört
83%
clSüdamerika, OzeanienChileChile sieht sich selbst als "trikontinentales Land": Neben dessen südamerikanischem Staatsgebiet beansprucht es ein Antarktikas-Territorium (welches der Quiz-Anleitung entsprechend nicht zählt) und besitzt Souveränität über mehrere Pazifik-Inseln: darunter insbesondere die berühmte Oster-Insel, aber auch die Isla Salas y Gómez (die östlichste Insel des polynesischen Dreiecks), das Juan-Fernández-Archipel und die Desventuradas-Inseln (wobei die letzten beiden meistens zu Südamerika gezählt werden).
80%
geAsien, EuropaGeorgien Die georgischen Regionen Chewi, Chewsuretien und Tuschetien sind größtenteils nördlich der Wasserscheide des Großen Kaukasus gelegen und damit geographisch Teil Europas.
80%
brSüdamerika, Afrika ?Brasilien Zugegebenermaßen ist Brasilien nicht unbedingt als transkontinentales Land einzustufen, nicht einmal aufgrund dessen entlegenster Besitzungen: den Sankt-Peter-und-Sankt-Pauls-Felsen, einer Felseninsel-Gruppe auf dem Mittelatlantischen Rücken bzw. etwas östlich davon auf der afrikanischen Seite.
77%
zaAfrika, Antarktika ?SüdafrikaDie südafrikanischen Prinz-Edward-Inseln (nicht zu verwechseln mit der namensähnlichen kanadischen Provinz) im südlichen Indischen Ozean liegen zwischen Afrika und Antarktika, wobei die Entfernung zu Afrika etwas kürzer ist. Tektonisch sind sie durch die antarktische Platte an Antarktika gebunden und gehören zu den "subantarktischen Inseln", von denen die meisten abhängige Territorien anderer Länder sind.
77%
veSüdamerika, NordamerikaVenezuela Venezuelas Isla de Aves ist 547 km von der Küste Südamerikas entfernt mitten im Karibischen Meer, welches zu Nordamerika gezählt wird, gelegen. Die venezolanischen Bundesterritorien und der Bundesstaat Nueva Esparta, welche beide aus karibischen Inseln direkt vor der südamerikanischen Küste Venezuelas bestehen, zählen hingegen normalerweise zu Südamerika - es sei denn, die gesamte Karibik wird als Teil Nordamerikas betrachtet.
77%
mxNordamerika, Ozeanien ?MexikoZu Mexiko gehören die Revillagigedo-Inseln, von denen die entlegenste die Isla Clarión ist (700 km von der Küste entfernt). Die Inselgruppe wird üblicherweise zu Nordamerika gerechnet, allerdings ist eine Zuordnung zu Ozeanien auch nicht undenkbar.
74%
paNordamerika, Südamerika ?PanamaNormalerweise - obwohl nicht unumstritten - wird die Grenze zwischen den amerikanischen Kontinenten irgendwo in der Darién Gap (Darién-Lücke) lokalisiert, v.a. entlang der Wasserscheide des Darién-Gebirges, wodurch die südöstliche Spitze Panamas (in der Nähe des Quellgebiets des Río Jampavadó) in Südamerika liege. Eine weniger verbreitete Variante platziert die Grenze der Kontinente im Panama-Kanal.
74%
azAsien, EuropaAserbaidschanManche Rayons von Aserbaidschan (hauptsächlich nördlich der Stadt Sumqayıt) mit ca. 5% der Bevölkerung des Landes (eine halbe Mio. Menschen) liegen nördlich der Wasserscheide des Großen Kaukasus und damit in Europa.
71%
coSüdamerika, Nordamerika, Ozeanien ?KolumbienDas kolumbianische Archipel und Departamento San Andrés und Providencia liegt im Karibischen Meer und somit in Nordamerika.
Die Isla de Malpelo, 500 km westlich von Kolumbiens Pazifikküste gelegen, wird üblicherweise zu Südamerika gezählt und nur selten zu Ozeanien.
Weil die exakte Grenzziehung zwischen Nord- und Südamerika nicht festgelegt ist, könnte Kolumbien darüber hinaus auch auf dem Land über die Darién Gap (Darién-Lücke) nach Nordamerika reichen, insbesondere im Gebiet westliche des Río Atrato-Deltas.
71%
ecSüdamerika, Ozeanien ?EcuadorDie Galápagos-Inseln sind ecuadorianisches Staatsgebiet je nach Definition entweder Teil Südamerikas oder zählen zu den Inseln Ozeaniens. Die letztgenannte Perspektive wird jedoch nur selten vertreten.
69%
grEuropa, Asien?GriechenlandDas griechische Staatsgebiet umfasst mehrere Inseln direkt vor der Küste Kleinasiens: z.B. Rhodos, Kos, Samos, Chios oder Lesbos, insbesondere aber Kastelorizo / Megisti samt anliegenden Inseln. Die Bewohner sehen sich selbst jedoch aufgrund kultureller Gemeinsamkeiten als Teil Europas.
66%
isNordamerika ?, EuropaIsland Das zwischen Europa und Grönland (welches geographisch ein Teil Nordamerikas ist) gelegene Island wird aus historischen, kulturellen und politischen Gründen zu Europa gezählt. Unter geologischen Aspekten liegt es auf dem Mittelatlantischen Rücken, der die nordamerikanische und eurasische Platte voneinander trennt, was zu reger vulkanischer Aktivität führt. Islands Hauptstadt, Reykjavík, liegt auf der nordamerikanischen Seite.
66%
kzAsien, EuropaKasachstan Ein kleiner Teil Kasachstans erstreckt sich westlich des Ural-Flusses ins östliche Europa.
66%
nlEuropa, Nordamerika, Südamerika ?NiederlandeDas Königreich der Niederlande besteht aus drei konstitutiven "Ländern" in der Karibik (Aruba, Curaçao, Sint Marteen, die hier alle als abhängige Territorien gelten) sowie einem Land - den Niederlanden - größtenteils in Europa, welches jedoch auch drei karibische Übersee-Gemeinden beinhaltet: Sint Eustatius, Saba und Bonaire. Letztere könnte aufgrund ihrer Nähe zu Südamerika ebendiesem Kontinent zugerechnet werden.
66%
jpAsien, OzeanienJapanDie japanischen Izu-, Ogasawara- und Kazan-Inseln sowie Nishinoshima und Okinotorishima werden mitunter als Teil Ozeaniens angesehen. Obwohl diese Ansprüche gut begründet sind, ist nur Minami-Torishima (auch Marcus-Insel genannt) über jeden Zweifel erhaben Teil Ozeaniens.
63%
crNordamerika, Ozeanien ?Costa RicaCosta Ricas Kokos-Insel wird für gewöhnlich als südlichster Punkt Nordamerikas angesehen. Da es sich hierbei um eine abgelegene Insel inmitten des Pazifischen Ozeans handelt, ist eine Zuordnung zu Ozeanien aber nicht auszuschließen.
60%
ttNordamerika, Südamerika ?Trinidad und TobagoDie südliche Hälfte Trinidads liegt auf der Südamerikanischen Platte, während die nördliche Hälfte und die Insel Tobago auf der Karibischen Platte liegen. Diese geologischen Charakteristika qualifizieren Trinidad und Tobago jedoch nicht zwangsläufig als transkontinentalen Staat, da das gesamte Staatsgebiet üblicherweise geopolitisch als Teil Nordamerikas klassifiziert wird.
57%
yeAsien, AfrikaJemenWährend die Rotmeer-Inseln Jemens - wie der größte Teil des Landes - auf dem asiatischen Kontinentalschelf liegen, befindet sich das vor dem Horn von Afrika gelegene Archipel von Sokotra auf dem afrikanischen Kontinentalschelf und ist auch geographisch Somalia näher als Jemens Küste.
54%

Verteilung der Resultate

Perzentil nach korrekt beantworteten Fragen

Anzahl Personen mit jedem Resultat

Ihre Resultats-Entwicklung

Sie haben dieses Quiz noch nicht gespielt